00511nam a2200181Ii 45000010005000000030009000050080041000140400033000550410008000880820013000961000030001092450035001392640062001743000012002363360026002483370028002743380027003024118CO-ViMGA241108s9999||||xx |||||||||||||| ||und|| aCO-ViMGAbspaerdacCO-ViMGA0 aunk04a307-U7741 aAgustín Urrego Guzmán10aEducación para el desarrollo 1a[Lugar de publicación no identificado] : Voluntad, 1970 avolumen atextbtxt2rdacontent aunmediatedbn2rdamedia avolumebnc2rdacarrier